| 000 | 00560cam a22002053a 4500 | ||
|---|---|---|---|
| 001 | 44489 | ||
| 003 | PGUSA | ||
| 005 | 20140828084021.0 | ||
| 008 | 131223s2013||||xxu|||||s|||||000 | eng d | ||
| 040 |
_aPGUSA _beng |
||
| 042 | _adc | ||
| 100 | 1 | _aKellermann, Bernhard | |
| 245 | 1 | 0 |
_aDer Tunnel _h[electronic resource] / _cBernhard Kellermann |
| 260 |
_bProject Gutenberg, _c2013 |
||
| 506 | _aPublic domain in the USA. | ||
| 516 | _aElectronic text | ||
| 830 | 0 |
_aProject Gutenberg _v44489 |
|
| 856 | 4 | 0 | _uhttp://www.gutenberg.org/ebooks/44489 |
| 942 | _cEB | ||
| 999 |
_c273740 _d273740 |
||